Skills in English. Speaking. Level 2. Student's CD / (Record no. 5209)
[ view plain ]
| 000 -LEADER | |
|---|---|
| fixed length control field | 01039nac a22002291u 4500 |
| 008 - FIXED-LENGTH DATA ELEMENTS--GENERAL INFORMATION | |
| fixed length control field | 101031t xxu||||| |||| 00| 0 eng d |
| 020 ## - INTERNATIONAL STANDARD BOOK NUMBER | |
| International Standard Book Number | 1859647693 |
| 020 ## - INTERNATIONAL STANDARD BOOK NUMBER | |
| International Standard Book Number | 9781859647699 |
| 082 ## - DEWEY DECIMAL CLASSIFICATION NUMBER | |
| Classification number | 428.24 |
| Item number | PHI |
| 100 ## - MAIN ENTRY--PERSONAL NAME | |
| Personal name | Phillips, terry |
| 9 (RLIN) | 20776 |
| 245 ## - TITLE STATEMENT | |
| Title | Skills in English. Speaking. Level 2. Student's CD / |
| Statement of responsibility, etc | Terry Phillips |
| 250 ## - EDITION STATEMENT | |
| Edition statement | 2nd ed. |
| 260 ## - PUBLICATION, DISTRIBUTION, ETC. (IMPRINT) | |
| Place of publication, distribution, etc | London: |
| Name of publisher, distributor, etc | Garnet education,2004. |
| Date of publication, distribution, etc | c2004. |
| 300 ## - PHYSICAL DESCRIPTION | |
| Extent | 1 Sound disc : |
| Other physical details | digital, stereo. ; |
| Dimensions | 4 3/4 in. |
| 511 ## - PARTICIPANT OR PERFORMER NOTE | |
| Participant or performer note | Catalogued by: Sara |
| 650 ## - SUBJECT ADDED ENTRY--TOPICAL TERM | |
| Topical term or geographic name as entry element | English language |
| Form subdivision | Textbooks for foreign speakers |
| 9 (RLIN) | 20777 |
| 650 ## - SUBJECT ADDED ENTRY--TOPICAL TERM | |
| Topical term or geographic name as entry element | English language |
| Form subdivision | Problems, exercises, etc. |
| General subdivision | Grammar |
| 9 (RLIN) | 20778 |
| 650 ## - SUBJECT ADDED ENTRY--TOPICAL TERM | |
| Topical term or geographic name as entry element | English language |
| General subdivision | study and teaching for foreign speakers |
| 9 (RLIN) | 20779 |
| 942 ## - ADDED ENTRY ELEMENTS (KOHA) | |
| Item type | |
| Call number prefix | 428.24PHI |
| Source of classification or shelving scheme | Dewey Decimal Classification |
| Withdrawn status | Lost status | Source of classification or shelving scheme | Damaged status | Not for loan | Koha collection | Location (home branch) | Sublocation or collection (holding branch) | Shelving location | Date acquired | Source of acquisition | Koha issues (times borrowed) | Koha full call number | Piece designation (barcode) | Koha date last seen | Price effective from | Koha item type | Koha renewals | Koha date last borrowed |
|---|---|---|---|---|---|---|---|---|---|---|---|---|---|---|---|---|---|---|
| Dewey Decimal Classification | Central Library | Central Library | Second Floor | 08/11/2009 | 428.24 PHI | 000018953 | 24/08/2022 | 08/11/2009 | CD | DVD - (NB) | |||||||||
| Dewey Decimal Classification | Central Library | Central Library | Second Floor | 08/11/2009 | 1 | 428.24 PHI | 000018954 | 24/08/2022 | 08/11/2009 | CD | DVD - (NB) | 1 | 13/01/2013 |